| 000 | 00567nam a2200181Ia 4500 | ||
|---|---|---|---|
| 003 | GCL | ||
| 008 | 140319s9999 xx 000 0 eng d | ||
| 040 |
_aGCL / _cGCL |
||
| 082 | 0 | 4 |
_a892.7 _bV |
| 100 | 1 | _aACCADEMIA NATIONALE DEI LINCEI | |
| 245 | 1 | 0 |
_aCONVEGNO DI SCIENZE MORALI STORICHE E FILOLOGICHE : TEMA ORIENTE ED OCCIDENTE NEL MEDIO EUO / _cACCADEMIA NATIONALE DEI LINCEI |
| 260 |
_a[S.N] : _bACCADEMIA NAZIONALE DEI LINCEI ، _c1957 |
||
| 300 | _a499 P | ||
| 650 | 0 | 4 | _aLITERATURE |
| 650 | 0 | 4 | _aLINGUISTICS |
| 650 | 0 | 4 | _aARABIC LANGUAGE |
| 942 |
_2ddc _cBK |
||
| 999 |
_c12475 _d12475 |
||